Les 20 villes les plus peuplées du Lot-et-Garonne (47) - Statistiques

Statistiques générales
  • Ce quiz a été pris 37 fois
  • Le résultat moyen est 11 sur 20
Statistiques - réponses
HINT HINT ANSWER % Correct
32 193 A Agen
100%
22 004 V Villeneuve-sur-Lot
100%
17 361 M Marmande
97%
9 461 T Tonneins
84%
6 937 N Nérac
78%
4 696 F Fumel
72%
5 784 B Boé
66%
9 360 L Le Passage
59%
4 639 C Casteljaloux
56%
3 983 A Aiguillon
53%
6 386 B Bon-Encontre
53%
3 913 L Layrac
47%
6 518 S Sainte-Livrade-sur-Lot
38%
5 480 F Foulayronnes
34%
3 082 M Miramont-de-Guyenne
34%
3 776 P Pujols
34%
3 183 S Sainte-Bazeille
34%
2 965 B Bias
31%
4 192 P Pont-du-Casse
31%
3 106 C Colayrac-Saint-Cirq
19%
Aucun quiz correspondant
Distribution des résultats
% des personnes avec chaque résultat
Percentile par nombre de réponses
Votre historique - résultats
Vous n’avez pas pris ce quiz